000 00408nam a2200121 4500
999 _c10283
_d10283
008 180810b ||||| |||| 00| 0 eng d
100 _930353
_aSo, Jacqueline Lulette T., MD
245 _aHealth corner:
_bLooking younger with lasers and energy devices/
_cJacqueline Lulette T. SO, MD
260 _aPhilippines
_bThe Philippine Star
_cc2017
300 _apage 14.
650 0 _930354
_aHealth.
942 _2ddc
_cPER